|
|
|
|
| LEADER |
00755nam a2200217 i 4500 |
| 001 |
7800 |
| 003 |
BD-DhAAL |
| 005 |
20150704135046.0 |
| 008 |
150704s1981 nyu 000 1 eng d |
| 010 |
|
|
|a 81067220
|
| 020 |
|
|
|a 0877953465 :
|c $13.95
|
| 040 |
|
|
|a CFCG
|c CFCG
|d CL
|d NNC
|d BD-DhAAL
|
| 082 |
|
|
|2 20
|a 813/.54
|
| 100 |
1 |
|
|a Scott, Justin.
|9 12839
|
| 245 |
1 |
0 |
|a Normandie triangle :
|b a novel /
|c by Justin Scott.
|
| 260 |
|
|
|a New York :
|b Ballantine Books,
|c c1981.
|
| 300 |
|
|
|a 568 p. ;
|c 18 cm.
|
| 650 |
|
0 |
|a World War, 1939-1945
|v Fiction.
|9 12840
|
| 942 |
|
|
|2 ddc
|c BK
|
| 999 |
|
|
|c 34937
|d 34937
|
| 952 |
|
|
|0 0
|1 0
|2 ddc
|4 0
|6 813_540000000000000_SCO
|7 0
|9 54693
|a SCL
|b SCL
|c GEN
|d 2015-07-04
|e Gift
|l 2
|m 9
|o 813.54 SCO
|p 3020007800
|r 2018-08-02
|s 2018-05-15
|t 1
|w 2015-07-04
|y BK
|